<?xml version="1.0" encoding="UTF-8"?>
<record
    xmlns:xsi="http://www.w3.org/2001/XMLSchema-instance"
    xsi:schemaLocation="http://www.loc.gov/MARC21/slim http://www.loc.gov/standards/marcxml/schema/MARC21slim.xsd"
    xmlns="http://www.loc.gov/MARC21/slim">

  <leader>01780nam a22003374a 4500</leader>
  <controlfield tag="001">496</controlfield>
  <controlfield tag="003">BR-IBIA</controlfield>
  <controlfield tag="005">20260129100320.0</controlfield>
  <controlfield tag="008">150807s2013    bl     g      000 f por  </controlfield>
  <datafield tag="020" ind1=" " ind2=" ">
    <subfield code="a">9788580411133</subfield>
  </datafield>
  <datafield tag="040" ind1=" " ind2=" ">
    <subfield code="b">por</subfield>
  </datafield>
  <datafield tag="041" ind1="1" ind2=" ">
    <subfield code="a">por</subfield>
    <subfield code="h">eng</subfield>
  </datafield>
  <datafield tag="043" ind1=" " ind2=" ">
    <subfield code="a">n-us---</subfield>
  </datafield>
  <datafield tag="082" ind1="0" ind2="4">
    <subfield code="a">813</subfield>
    <subfield code="b">H835v</subfield>
  </datafield>
  <datafield tag="100" ind1="1" ind2=" ">
    <subfield code="a">Houck, Colleen</subfield>
    <subfield code="d">1969-</subfield>
    <subfield code="9">1066</subfield>
  </datafield>
  <datafield tag="240" ind1="0" ind2="0">
    <subfield code="a">Tiger's voyage.</subfield>
  </datafield>
  <datafield tag="245" ind1="1" ind2="2">
    <subfield code="a">A viagem do tigre /</subfield>
    <subfield code="c">Colleen Houck ; [tradu&#xE7;&#xE3;o: Ana Ban]</subfield>
  </datafield>
  <datafield tag="260" ind1=" " ind2=" ">
    <subfield code="a">S&#xE3;o Paulo :</subfield>
    <subfield code="b">Aqueiro,</subfield>
    <subfield code="c">2013.</subfield>
  </datafield>
  <datafield tag="300" ind1=" " ind2=" ">
    <subfield code="a">400p. ;</subfield>
  </datafield>
  <datafield tag="490" ind1="0" ind2=" ">
    <subfield code="a">A maldi&#xE7;&#xE3;o do tigre ;</subfield>
    <subfield code="v">3</subfield>
  </datafield>
  <datafield tag="500" ind1=" " ind2=" ">
    <subfield code="a">
</subfield>
  </datafield>
  <datafield tag="520" ind1=" " ind2=" ">
    <subfield code="a">Em sua terceira busca, a jovem Kelsey Hayes e seus tigres precisam vencer desafios incr&#xED;veis propostos por cinco drag&#xF5;es m&#xED;ticos. O elemento comum &#xE9; a &#xE1;gua, e o cen&#xE1;rio de mar aberto obriga Kelsey a enfrentar seus piores temores. Dessa vez, sua miss&#xE3;o &#xE9; encontrar o Colar de P&#xE9;rolas Negras de Durga e tentar libertar seu amado Ren tanto da maldi&#xE7;&#xE3;o do tigre quanto de sua repentina amn&#xE9;sia. No entanto o irm&#xE3;o dele, Kishan, tem outros planos, e os dois competem por sua afei&#xE7;&#xE3;o, al&#xE9;m de afastarem aqueles que planejam frustrar seus objetivos. Em A viagem do tigre, terceiro volume da s&#xE9;rie A maldi&#xE7;&#xE3;o do tigre, Kelsey, Ren e Kishan retomam a jornada em dire&#xE7;&#xE3;o ao seu verdadeiro destino numa hist&#xF3;ria com muito suspense, criaturas encantadas, cora&#xE7;&#xF5;es partidos e a&#xE7;&#xE3;o de primeira. A &#xE9;pica saga dos tigres j&#xE1; foi lan&#xE7;ada em 18 pa&#xED;ses e ocupou os primeiros lugares na lista dos mais vendidos do The New York Times.
</subfield>
  </datafield>
  <datafield tag="650" ind1="0" ind2="4">
    <subfield code="a">Literatura Americana</subfield>
    <subfield code="9">84</subfield>
  </datafield>
  <datafield tag="650" ind1="0" ind2="4">
    <subfield code="a">Magia</subfield>
    <subfield code="9">785</subfield>
  </datafield>
  <datafield tag="650" ind1="0" ind2="4">
    <subfield code="a">Aventura</subfield>
    <subfield code="9">47</subfield>
  </datafield>
  <datafield tag="650" ind1="0" ind2="4">
    <subfield code="a">Fantasia</subfield>
    <subfield code="9">45</subfield>
  </datafield>
  <datafield tag="655" ind1=" " ind2=" ">
    <subfield code="a">Romance</subfield>
    <subfield code="9">23</subfield>
  </datafield>
  <datafield tag="655" ind1=" " ind2=" ">
    <subfield code="a">Fic&#xE7;&#xE3;o</subfield>
    <subfield code="9">22</subfield>
  </datafield>
  <datafield tag="700" ind1=" " ind2=" ">
    <subfield code="a">Ban, Ana</subfield>
    <subfield code="9">1067</subfield>
  </datafield>
  <datafield tag="942" ind1=" " ind2=" ">
    <subfield code="2">ddc</subfield>
    <subfield code="n">0</subfield>
    <subfield code="c">BK</subfield>
  </datafield>
  <datafield tag="952" ind1=" " ind2=" ">
    <subfield code="0">0</subfield>
    <subfield code="1">0</subfield>
    <subfield code="2">ddc</subfield>
    <subfield code="4">0</subfield>
    <subfield code="7">0</subfield>
    <subfield code="8">FIC</subfield>
    <subfield code="a">BIBIB</subfield>
    <subfield code="b">BIBIB</subfield>
    <subfield code="c">LE</subfield>
    <subfield code="d">2026-01-29</subfield>
    <subfield code="e">doa&#xE7;&#xE3;o</subfield>
    <subfield code="l">0</subfield>
    <subfield code="o">813 / H835v</subfield>
    <subfield code="p">2026-17430</subfield>
    <subfield code="r">2026-01-29 07:43:27</subfield>
    <subfield code="w">2026-01-29</subfield>
    <subfield code="y">BK</subfield>
  </datafield>
  <datafield tag="999" ind1=" " ind2=" ">
    <subfield code="c">496</subfield>
    <subfield code="d">496</subfield>
  </datafield>
</record>
